Представление документа в формате MARC21

Поле Инд. ПП Название Значение
Тип записи a
Библиографический уровень b
001 Контрольный номер e5637160f88e4980a8b51c3aec0d956c
005 Дата корректировки 20251105083017.2
040 a Служба первич. каталог. Scopus
041 0_ a Код языка текста Английский
097 a Костяева О.Г.
100 1_ a Автор Kiselev M. A.
c Титул (звания) ; доктор физико-математических наук; профессор (должность);
i 000091225
g Прочие сведения РИНЦ AuthorID: 342852 (http://elibrary.ru/author_profile.asp?id=342852); Scopus Author ID: 7005285 (https://www.scopus.com/authid/detail.uri?origin=resultslist&authorId=7005285772&zone=)
j Принадлежность неизвестного автора к последователям, ученикам, сторонникам, школе и т. д. государственный университет "Дубна"
k Кафедра ядерной физики; Инженерно-физический институт
q Полное имя Киселев Михаил Алексеевич
u Дополнение Киселев М. А.; Kiselev Mikhail A.
100 1_ a Автор Zemlyanaya E. V.
c Титул (звания) старший научный сотрудник; доктор физико-математических наук; профессор (должность);
i 000089034
g Прочие сведения РИНЦ AuthorID: 6258 (http://elibrary.ru/author_items.asp?authorid=6258)
j Принадлежность неизвестного автора к последователям, ученикам, сторонникам, школе и т. д. государственный университет "Дубна"
k Кафедра распределенных информационно-вычислительных систем; Институт системного анализа и управления
q Полное имя Земляная Елена Валериевна
u Дополнение Земляная Е. В.
100 1_ a Автор Zhabitskaya E. I.
c Титул (звания) ; кандидат физико-математических наук; доцент (должность);
i 000089137
g Прочие сведения РИНЦ AuthorID: 39621 (https://elibrary.ru/author_profile.asp?id=39621); SPIN-код: 9395-4059 (https://elibrary.ru/author_profile.asp?id=39621); Scopus Author ID: 57189619241 (https://www.scopus.com/authid/detail.uri?authorId=57189619241)
j Принадлежность неизвестного автора к последователям, ученикам, сторонникам, школе и т. д. государственный университет "Дубна"
k Кафедра цифровой экономики и управления; Институт системного анализа и управления
q Полное имя Жабицкая Евгения Игоревна
u Дополнение Жабицкая Е. И.
100 1_ a Автор Bashashin M. V.
i 100093145
g Прочие сведения Scopus Author ID: 57188572683 (https://www.scopus.com/authid/detail.uri?authorId=57188572683)
j Принадлежность неизвестного автора к последователям, ученикам, сторонникам, школе и т. д. государственный университет "Дубна"
k Кафедра распределенных информационно-вычислительных систем; Институт системного анализа и управления
q Полное имя Башашин Максим Викторович
u Дополнение Башашин М. В.
100 1_ a Автор Ivankov O. I.
245 10 a Заглавие Investigation of the Possibilities of Analyzing the Vesicular Structure of PTNS-Based Nanodrugs Using Small-Angle Neutron Scattering Data
773 18 t Название источника Journal of Surface Investigation: X-Ray, Synchrotron and Neutron Techniques
d Место и дата издания 2023
b Сведения об издании Pleiades Publishing, Ltd.
c Russia
m Специф. данные входит в Scopus; входит в wos; входит в ядро РИНЦ; журнал из перечня ВАК; ненулевой импакт-фактор;
p J. Surf. Ingestig.-X-Ray Synchro.
n Примечание Поверхность. Рентгеновские, синхротронные и нейтронные исследования
x ISSN 1027-4510
g Прочая информация V. 17. - P. 1–6
w Контрольный № источника 9e0f42271c054bf28013059654418919
901 t Тип документа b
952 c Вид литературы статья в журнале